| 000 | 01426nmc a2200517 a 4500 | ||
|---|---|---|---|
| 003 | AR-BaBNM | ||
| 005 | 20251128211750.0 | ||
| 008 | 236020s2005 ||||||||||||||000 | spa|| | ||
| 020 | _a950-557-650-1 | ||
| 040 | _cAR-BaBNM | ||
| 245 | 1 | 0 | _aLa agenda ética pendiente de América Latina |
| 250 | _a1ª ed. | ||
| 260 |
_aBuenos Aires _bInter-American Development Bank _c2005 _bFondo de Cultura Económica |
||
| 300 | 0 | _a365 p. | |
| 490 | 0 | _aPolítica y derecho | |
| 610 | 2 | 4 | _aBanco Interamericano de Desarrollo |
| 650 | 4 | _aETICA | |
| 650 | 4 | _aPOLITICA ECONOMICA | |
| 650 | 4 | _aPOLITICA SOCIAL | |
| 650 | 4 | _aVALORES | |
| 650 | 4 | _aPOBREZA | |
| 650 | 4 | _aDESIGUALDAD SOCIAL | |
| 651 | 4 | _aAmérica Latina | |
| 700 | 1 |
_aKliksberg, Bernardo _ecompilador |
|
| 700 | 1 | _aSen, Amartya | |
| 700 | 1 | _aMesa, Carlos | |
| 700 | 1 | _aFilmus, Daniel | |
| 700 | 1 | _aOcampo, José Antonio | |
| 700 | 1 | _aGrynspan, Rebeca | |
| 700 | 1 | _aRoses Periago, Mirta | |
| 700 | 1 | _aKirchner, Alicia | |
| 700 | 1 | _aGenro, Tarso | |
| 700 | 1 | _aAngulo, Carmelo | |
| 700 | 0 | _aHopenhayn. Martín | |
| 700 | 1 | _aBonder, Gloria | |
| 700 | 1 | _aStalsett, Sturla | |
| 700 | 1 | _aMontes, Fernando | |
| 700 | 1 | _aPrats I Catala, Joan | |
| 700 | 1 | _aBusatto, Cézar | |
| 700 | 1 | _aMolinas, José | |
| 700 | 1 | _aReos, Orlando | |
| 700 | 1 | _aAzcueta, Michel | |
| 700 | 1 | _aVallaeys, François | |
| 942 | _cBK | ||
| 998 | _cme-solo cat | ||
| 999 |
_c21017 _d21017 |
||